Popularne polskie piosenki w tym tygodniu. 05-11.03 YT - Statystyki

Ogólne statystyki
  • Ten quiz został rozwiązany 7 razy
  • Średni wynik to 7 z 30
Statystyki odpowiedzi
Wykonawca Wyświetlenia Utwór % Poprawnych
Ekipa ~ 11.53M 3KIPA
71%
Young Leosia 1.49M Szklanki
71%
Sobel 1.16M Alien
43%
ReTo 575K Billy Kid
43%
Quebonafide ft. Daria Zawiałow 523K BUBBLETEA
43%
Cheatz 1.12M gdzie jest stary dawid
43%
Defis & MiłyPan 1.44M Musisz się starać
43%
Kabe 1.02M Nad ranem
43%
Żabson ft. Vladimir Cauchemar 566K OBOK
43%
Sanah ft. Vito Bambino 4.37M Ale jazz!
29%
Kizo ft. Trill Pem 821K Fitness
29%
Sobel 837K Kinol
29%
Wiatr ft. Be Vis, Sobel 792K Testarossa
29%
Guzior 1.51M BLUEBERRY
14%
Malik Montana ft. Tovaritch 1.75M Bratan
14%
Florek ft. Młodypago, Piluś 547K Buzi
14%
Kubańczyk ft. Popek 1.10M Detox
14%
Alberto 643K Dwutakt
14%
Guzior ft. Oskar83 1.34M FALA
14%
OIO 912K Moonwalk
14%
Vivat 902K Oddam ci wszystko
14%
Bedoes & Lanek 540K TOA$T /
14%
Kubańczyk 612K Zatańcz ze mną
14%
Dawid Kwiatkowski 499K Bez Ciebie
0%
BARANOVSKI 645K Lubię być z nią
0%
Sanah 617K No sory
0%
Żabson ft. Duszyn 496K Patrz na mnie
0%
Kali x Major 571K Si
0%
Michał Szczygieł 803K Spontan
0%
Menelaos 698K Zarąbista Para
0%
Nie znaleziono quizów pasujących do podanych kryteriów
Rozkład punktacji
Procent ludzi z każdym wynikiem
Percentyl według liczby udzielonych odpowiedzi
Twoja historia wyników
Nie rozwiązałeś tego quizu